Statistics for Kingdom Hearts Characters

Click here to take the quiz!

General Stats

  • This quiz has been taken 298 times
  • The average score is 21 of 33

Answer Stats

HintsAnswer% Correct
ProtagonistSora
100%
Protagonist's best friendRiku
99%
7th Princess of HeartKairi
97%
His heart sleeps within the protagonistVentus
93%
Trapped in the Realm of DarknessAqua
92%
"Key of Destiny"Roxas
92%
Failed his Mark of MasteryTerra
92%
"Flurry of dancing Flames"Axel
87%
Antagonist's NobodyXemnas
85%
AntagonistXehanort
83%
Can control memoriesNamine
79%
"Graceful Assassin"Marluxia
74%
"Freeshoter"Xigbar
74%
"Luna Diviner"Saix
71%
"Melodious Nocturne"Demyx
68%
"Savage Nymph"Larxene
68%
"Gambler of Fate"Luxord
68%
"Whirlwind Lancer"Xaldin
68%
Master of the Wayfinder TrioEraqus
66%
"Chilly Academic"Vexen
64%
Sage from Radiant GardenAnsem the Wise
63%
"Cloaked Schemer"Zexion
60%
Source of the UnversedVanitas
59%
"Silent Tacticurn"Lexaeus
49%
Antagonist's HeartlessAnsem Seeker of Darkness
42%
Leader of VulpeusAva
36%
The 6th apprenticeLuxu
36%
Member of the DandelionsEphemer
31%
Leader of UnicornisIra
30%
Leader of LeopardosGula
29%
Leader of UrsusAced
27%
Leader of AnguisInvi
24%
Girl from Daybreak TownSkuld
24%

Score Distribution

Percentile by Number Answered

Percent of People with Each Score

Your Score History

You have not taken this quiz